书目信息 |
| 题名: |
CCTV发现之旅 9
|
|
| 作者: | 薛继军 主编 | |
| 分册: | 9 | |
| 出版信息: | 上海 上海科学技术文献出版社 2005.05 |
|
| 页数: | 136页 | |
| 开本: | 23cm | |
| 丛书名: | CCTV中央电视台《发现之旅》系列丛书 | |
| 单 册: | ||
| 中图分类: | Z228 | |
| 科图分类: | ||
| 主题词: | ||
| 电子资源: | ||
| ISBN: | 7-5439-2610-5 | |
| 000 | 00981nam 2200181 450 | |
| 001 | 0661611694 | |
| 005 | 20060526151133.95 | |
| 010 | @a7-5439-2610-5@dCNY 23.00 | |
| 099 | @aCAL 012005079430 | |
| 200 | 1 | @aCCTV发现之旅 9@ACCTV fa xian zhi lu 9@h9@f薛继军主编 |
| 210 | @a上海@c上海科学技术文献出版社@d2005.05 | |
| 215 | @a136页@c图 (部分彩图)@d23cm | |
| 225 | 2 | @aCCTV中央电视台《发现之旅》系列丛书@ACctv Zhong Yang Dian Shi Tai 《fa Xian Zhi Lv 》xi Lie Cong Shu |
| 330 | @a《发现之旅》是中央电视台唯一的科学探索纪录片节目。它以科学的视角审视人类的文明进程,以发现的态度去追寻事实的真相,在开播四年后获得了观众广泛的欢迎,被誉为“中国的Discovery”。与其他节目相比,《发现之旅》有很鲜明的特色,它的引人入胜在于强调故事化的创作手法。首先是一个故事,然后是事件的前后关连,最后是解开迷题的科学钥匙。本书主要讲述了窥探秦陵、飞架钱塘、深闺密语、水神、行走66.4米、穿越西拉内华达等内容 | |
| 690 | @aZ228@v4 | |
| 701 | 0 | @a薛继军@AXue Ji Jun@4主编 |
| 801 | 0 | @c20060526 |
| 905 | @a10447@dZ228@eX951:9 | |
| CCTV发现之旅 9.9/薛继军主编.-上海:上海科学技术文献出版社,2005.05 |
| 136页:图 (部分彩图);23cm.-(CCTV中央电视台《发现之旅》系列丛书) |
| ISBN 7-5439-2610-5:CNY 23.00 |
| 《发现之旅》是中央电视台唯一的科学探索纪录片节目。它以科学的视角审视人类的文明进程,以发现的态度去追寻事实的真相,在开播四年后获得了观众广泛的欢迎,被誉为“中国的Discovery”。与其他节目相比,《发现之旅》有很鲜明的特色,它的引人入胜在于强调故事化的创作手法。首先是一个故事,然后是事件的前后关连,最后是解开迷题的科学钥匙。本书主要讲述了窥探秦陵、飞架钱塘、深闺密语、水神、行走66.4米、穿越西拉内华达等内容 |
| ● |
| 相关链接 |
|
|
|
正题名:CCTV发现之旅 9
索取号:Z228/X951:9
 
预约/预借
| 序号 | 登录号 | 条形码 | 馆藏地/架位号 | 状态 | 备注 |
| 1 | 604362 | 206043627 | 自科库501/501自科库 128排1列3层/ [索取号:Z228/X951:9] | 在馆 | |
| 2 | 604363 | 206043636 | 自科库501/501自科库 128排1列3层/ [索取号:Z228/X951:9] | 在馆 |